| 000 | 00651cam a2200217 4500 | ||
|---|---|---|---|
| 001 | J61785 | ||
| 008 | 000000n2000 000 0 eng u | ||
| 035 | _a(Sirsi) u107177 | ||
| 041 | _aeng | ||
| 050 | _a333.33709421 | ||
| 110 |
_aInsignia Richard Ellis _93847 |
||
| 245 | _aLondon office market bulletin : West End. - First quarter, second & third quarter 2000 | ||
| 260 |
_aLondon _bInsignia Richard Ellis _c2000 |
||
| 300 | _a3pt.. ; 30cm. | ||
| 650 | _aFLOORSPACE STATISTICS | ||
| 650 | _aLONDON | ||
| 650 | _aOFFICES | ||
| 650 | _aWEST END OF LONDON | ||
| 690 | _aPROPERTY-COMMERCIAL PROPERTY-COMMERCIAL PROPERTY MARKET | ||
| 942 | _n0 | ||
| 999 |
_c100665 _d100665 |
||